000 00348nam a2200145Ia 4500
008 240729s9999 xx 000 0 und d
022 _a1488-2329
245 0 _aCMAJ
260 _aCanada
260 _bCMA Impact Inc.
650 _aMedicine
856 _uhttps://doaj.org/toc/a62aff60c6e64e999308376ceb13a295
942 _2ddc
942 _cDOAJEJ
999 _c72973
_d72973
945 _a1
_bMadushi Gamage
_c1
_dMadushi Gamage